000 00797cab a2200229 4500
001 X3595
008 090401t1996 xxu||||| |||| 00| 0 eng d
035 _a(Sirsi) u31387
041 _aeng
245 _aWest Midlands Probation Committee v SoS Environment and Walsall MBC
260 _c1996
350 _a0
490 _aNew Property Cases
_v1996 NPC 135(3)
520 _aCA 20 August 1996. An inspector is entitled to take into account fears off the local population when considering an application for the extension of a local bail hostel. (NB NO PHOTOCOPYING ALLOWED)
650 _aBAIL HOSTEL
650 _aDISTURBED ADOLESCENTS
650 _aLOCAL RESIDENTS
650 _aPLANNING OBJECTIONS
690 _aPLANNING LAW AND PRACTICE-CASE LAW
942 _n0
948 _c04/03/1997
999 _c21073
_d21073